000 00555njm a2200181 i 4500
001 C2-0228042
003 PPAK
005 20180729152154.0
008 000801s1995 my |||| ||||| | may d
040 _aPPAK
_beng
_cPPAK
_erda
245 0 0 _aForum The Malay World South Afrika and Kedah Darul Aman
264 1 _aAlor Setar, Kedah :
_bPerbadanan Perpustakaan Awam Kedah ,
_c1995
336 _2rdacontent
_atext
337 _2rdamedia
_aunmediated
338 _2rdacarrier
_avolume
500 _aDirakam pada 29/11/95 ; Tiada transkripsi
942 _ddc
_cB
999 _c163217
_d163217